01425cam a2200337 i 45000010008000000030009000080050017000170080041000340200026000750200018001010400038001190820019001571000044001762450109002202460030003292640072003593000045004313360026004763370028005023380027005305040051005576500031006086500067006396500048007066550017007548560086007718560074008579420012009319990017009439520127009604506989EG-ScBUE20260510125158.0980520s1999 enka f b 001 0 eng d a0521640628 (hardback) a9780521020381 aDLCbengerdacDLCdDLCdEG-ScBUE04a512.2222bKIM1 aKim, Shoon Kyung,d1920-eauthor.9614510aGroup theoretical methods and applications to molecules and crystals /cShoon K. Kim, Temple University.30aGroup theoretical methods 1aCambridge, U.K. ; aNew York : bCambridge University Press,c1999. axvi, 492 pages :billustrations ;c26 cm 2rdacontentatextbtxt aunmediated2rdamediabn avolumebnc2rdacarrier aIncludes bibliographical references and index. 7aGroup theory.2BUEsh96146 7aChemistry, Physical and theoreticalxMathematics.2BUEsh96147 7aCrystallography, Mathematical.2BUEsh96148 vReading book423Publisher descriptionuhttp://www.loc.gov/catdir/description/cam029/98026493.html413Table of contentsuhttp://www.loc.gov/catdir/toc/cam021/98026493.html 2ddccBB c11823d11823 00102ddc40708Alef-BaaaMAINbMAINc1STd2009-06-14epurchaseg150.00l0o512.2 KIMp000030213r2025-07-15 00:00:00yBB